| Tag |
First Indicator |
Second Indicator |
Subfields |
| LEADER |
00000pam a22000004a 4500 |
| 001 |
in00001653621 |
| 005 |
20151023092251.0 |
| 008 |
010117s2001 enk b 001 0 eng |
| 010 |
|
|
|a 2001018513
|
| 020 |
|
|
|a 0198559607 (acid-free paper)
|
| 035 |
|
|
|a (OCoLC)ocm45799622
|
| 040 |
|
|
|a DLC
|c DLC
|d TXA
|d UtOrBLW
|
| 042 |
|
|
|a pcc
|
| 049 |
|
|
|a TXAM
|
| 050 |
0 |
0 |
|a QD945
|b .A797 2001
|
| 082 |
0 |
0 |
|a 548/.83
|2 21
|
| 100 |
1 |
|
|a Authier, André.
|
| 245 |
1 |
0 |
|a Dynamical theory of x-ray diffraction /
|c André Authier.
|
| 264 |
|
1 |
|a Oxford ;
|a New York :
|b Oxford University Press,
|c 2001.
|
| 300 |
|
|
|a xviii, 661 pages :
|b illustrations ;
|c 24 cm.
|
| 336 |
|
|
|a text
|b txt
|2 rdacontent
|
| 337 |
|
|
|a unmediated
|b n
|2 rdamedia
|
| 338 |
|
|
|a volume
|b nc
|2 rdacarrier
|
| 490 |
1 |
|
|a International Union of Crystallography monographs on crystallography ;
|v 11
|
| 504 |
|
|
|a Includes bibliographical references (pages [583]-636) and indexes.
|
| 650 |
|
0 |
|a X-ray crystallography.
|
| 830 |
|
0 |
|a International Union of Crystallography monographs on crystallography ;
|v 11.
|
| 948 |
|
|
|a cataloged
|b h
|c 2001/11/9
|d c
|e dmitchel
|f 12:44:14 pm
|
| 994 |
|
|
|a E0
|b TXA
|
| 999 |
|
|
|a MARS
|
| 999 |
f |
f |
|s 57466288-4096-3988-8edf-966db86ec336
|i f193f701-ae4f-3f92-8ed4-401e8ee80c50
|t 0
|
| 952 |
f |
f |
|p normal
|a Texas A&M University
|b College Station
|c Sterling C. Evans Library
|d Evans: Library Stacks
|t 0
|e QD945 .A797 2001
|h Library of Congress classification
|i unmediated -- volume
|m A14828301118
|
| 998 |
f |
f |
|a QD945 .A797 2001
|t 0
|l Evans: Library Stacks
|